00579nam a22002057a 4500001001000000003000500010005001700015008004100032010001000073011001000083035001000093040000900103100002100112245007300133260002600206300001000232650003200242710000900274711009000283000022975CHAP20220817041711.0971013s1967 r 00010 d a21930 a22902 a26997 cCHAP00aCliff, Edward P.10aProgreso forestal en los Estados Unidos en los últimos dos años. a(Roma) :bFAO,c1967. a11 h.14aPolítica forestalxE.U.A.0 aFAO.0 aComisión Forestal de América del Norte. Reunión (n4d: 1967c: México, D.F.)